FORENSIC PHARMACY (Record no. 1217106)

MARC details
000 -LEADER
fixed length control field 00406nam a2200157Ia 4500
008 - FIXED-LENGTH DATA ELEMENTS--GENERAL INFORMATION
fixed length control field 260316s2024 xx 000 0 und d
020 ## - INTERNATIONAL STANDARD BOOK NUMBER
International Standard Book Number 9788185790015
041 ## - LANGUAGE CODE
Language code of text/sound track or separate title eng
082 ## - DEWEY DECIMAL CLASSIFICATION NUMBER
Classification number 614.14 KUC/KHA
100 ## - MAIN ENTRY--PERSONAL NAME
Personal name KUCHEKAR B. S., KHADTARE A. M.
245 ## - TITLE STATEMENT
Title FORENSIC PHARMACY
250 ## - EDITION STATEMENT
Edition statement 35TH
260 ## - PUBLICATION, DISTRIBUTION, ETC.
Place of publication, distribution, etc. PUNE
Name of publisher, distributor, etc. NIRALI PRAKASHAN
Date of publication, distribution, etc. 2024
300 ## - PHYSICAL DESCRIPTION
Extent 271p
650 ## - SUBJECT ADDED ENTRY--TOPICAL TERM
Topical term or geographic name entry element PHARMACEUTICAL JURISPRUDENCE
Holdings
Withdrawn status Lost status Damaged status Not for loan Home library Current library Date acquired Cost, normal purchase price Total Checkouts Barcode Date last seen Price effective from Koha item type
        College of Pharmacy, Navi Mumbai College of Pharmacy, Navi Mumbai 17/03/2026 900.00   PCM-B-16891 17/03/2026 17/03/2026 Book